000 00563nam a2200181 i 4500
001 23879
003 ES-MaACL
005 20230906152942.0
007 t|
008 021213s1916 ag ||||1| spa d
100 1 _aAmaral, Santiago M.
_921114
245 1 0 _aManual del bibliotecario... /
_cSantiago M. Amaral ; con un prólogo de Enrique Herrero Ducloux.
250 _a2ª ed.
260 _aLa Plata :
_b[s.n.],
_c1916 (
_fTalleres Horacio Benavides)
300 _a102 p. ;
_c18 cm.
700 1 _aHerrero Ducloux, Enrique.
_963308
852 _aES-MaACL
_jF-11278
999 _c23879
_d23879